Compendio di Diritto dell’Unione Europea

Bibliographic Details
Main Author: Tramontano, Luigi
Format: eBook
Language:Italian
Published: Piacenza : Casa Editrice La Tribuna, 2012
Subjects:
Online Access:Acceso restringido

MARC

LEADER 00000nam a22000007a 4500
005 20120905180339.0
007 cr|||| ||||
008 120905s2012 it |||||s|||| 00||0 ita d
020 |a 9788861329034 
035 |a 6608 
040 |a vLex 
090 |c 3375  |d 3375 
100 1 |a Tramontano, Luigi 
245 1 0 |a Compendio di Diritto dell’Unione Europea  |h [Recurso electrn̤ico] /  |c Luigi Tramontano  
256 |a Servicio en ln̕ea 
260 |a Piacenza :  |b Casa Editrice La Tribuna,   |c 2012 
300 |a 1 recurso electrn̤ico 
506 1 |a Contenido solo disponible en los productos indicados  |d vLex Global   |d vLex Global (Academic Edition, excluding Law Schools)   |d vLex Global (U.S. Academic Edition, Law Schools)   |d vLex Global (U.S. Academic Edition, excluding Law Schools)   |d vLex Global (Academic Edition, Law Schools)  
650 0 4 |a Derecho comunitario 
740 0 |a vLex Libros (Servicio en ln̕ea) 
856 4 0 |u http://vlex.com/source/compendio-diritto-unione-europea-6608  |z Acceso restringido 
942 |c BOOK 
999 0 |a Law - European Union countries